Vplyv produktu cestovného ruchu na rozvoj destinácie

Destinácia Bratislava ako skúmaný subjekt. Podujatie Dobrý trh patriace medzi významné a obľúbené podujatia v destinácii Bratislava. Destinácia ako základná konkurenčná jednotka a jej rozvoj. Produkt cestovného ruchu a jeho vplyv na destináciu. Ekonomické, kultúrno-sociálne, environmentálne a techno...

Descrizione completa

Salvato in:
Dettagli Bibliografici
Autore principale: Vontorčíková, Anna
Altri autori: Čukanová, Miroslava, 1984-
Natura: Capitolo di libro
Lingua:slovacco
Soggetti:
Tags: Aggiungi Tag
Nessun Tag, puoi essere il primo ad aggiungerne!!

MARC

LEADER 00000naa a2200000 4500
001 0267964
005 20240502074214.8
041 0 |a slo 
044 |a SK 
245 1 0 |a Vplyv produktu cestovného ruchu na rozvoj destinácie  |c Anna Vontorčíková, Miroslava Čukanová 
520 |a Destinácia Bratislava ako skúmaný subjekt. Podujatie Dobrý trh patriace medzi významné a obľúbené podujatia v destinácii Bratislava. Destinácia ako základná konkurenčná jednotka a jej rozvoj. Produkt cestovného ruchu a jeho vplyv na destináciu. Ekonomické, kultúrno-sociálne, environmentálne a technologické vplyvy na destináciu. 
610 2 0 |a Slovensko 
610 2 0 |a turistika 
610 2 0 |a ruch cestovný 
610 2 0 |a produkty 
610 2 0 |a konkurencia 
100 1 |a Vontorčíková, Anna 
700 1 |a Čukanová, Miroslava, 1984-